[Event "2023 National K-12 Grade Championships"]
[Site "Orlando, Florida, United States"]
[Date "2023.12.16"]
[Round "4.1"]
[White "Hyatt, Jessica"]
[Black "Huston, Gus"]
[Result "0-1"]
[TimeControl "G/90;d10"]
[WhiteElo "2138"]
[BlackElo "2481"]

1. d4 {[%clk 01:30:00]} {[%emt 00:00:02]} Nf6 {[%clk 01:28:54]} {[%emt
00:01:17]} 2. c4 {[%clk 01:29:52]} {[%emt 00:00:13]} e6 {[%clk 01:28:54]}
{[%emt 00:00:10]} 3. g3 {[%clk 01:29:52]} {[%emt 00:00:06]} c5 {[%clk
01:27:52]} {[%emt 00:01:13]} 4. e3 {[%clk 01:26:46]} {[%emt 00:03:16]} cxd4
{[%clk 01:27:20]} {[%emt 00:00:42]} 5. exd4 {[%clk 01:26:46]} {[%emt 00:00:10]}
d5 {[%clk 01:27:20]} {[%emt 00:00:02]} 6. Bg2 {[%clk 01:25:00]} {[%emt
00:01:55]} dxc4 {[%clk 01:26:59]} {[%emt 00:00:32]} 7. Qa4+ {[%clk 01:24:15]}
{[%emt 00:00:54]} Nc6 {[%clk 01:24:01]} {[%emt 00:03:08]} 8. Nc3 {[%clk
01:21:25]} {[%emt 00:02:59]} Bd7 {[%clk 01:19:47]} {[%emt 00:04:26]} 9. Qxc4
{[%clk 01:20:54]} {[%emt 00:00:40]} Nb4 {[%clk 01:19:47]} {[%emt 00:00:07]} 10.
Qe2 {[%clk 01:19:30]} {[%emt 00:01:32]} Bc6 {[%clk 01:19:47]} {[%emt 00:00:07]}
11. Nf3 {[%clk 01:18:17]} {[%emt 00:01:21]} Be7 {[%clk 01:19:47]} {[%emt
00:00:04]} 12. O-O {[%clk 01:18:17]} {[%emt 00:00:09]} O-O {[%clk 01:19:33]}
{[%emt 00:00:25]} 13. a3 {[%clk 01:17:07]} {[%emt 00:01:20]} Nbd5 {[%clk
01:18:32]} {[%emt 00:01:11]} 14. Ne5 {[%clk 01:16:37]} {[%emt 00:00:39]} Nxc3
{[%clk 01:18:23]} {[%emt 00:00:21]} 15. bxc3 {[%clk 01:16:37]} {[%emt
00:00:05]} Bxg2 {[%clk 01:18:23]} {[%emt 00:00:04]} 16. Kxg2 {[%clk 01:16:37]}
{[%emt 00:00:08]} Qd5+ {[%clk 01:16:47]} {[%emt 00:01:46]} 17. f3 {[%clk
01:15:11]} {[%emt 00:01:36]} Rac8 {[%clk 01:08:28]} {[%emt 00:08:29]} 18. Bd2
{[%clk 01:12:41]} {[%emt 00:02:39]} Nd7 {[%clk 01:07:13]} {[%emt 00:01:26]} 19.
Nxd7 {[%clk 01:06:12]} {[%emt 00:06:39]} Qxd7 {[%clk 01:07:09]} {[%emt
00:00:14]} 20. a4 {[%clk 01:05:42]} {[%emt 00:00:41]} Rc6 {[%clk 01:02:02]}
{[%emt 00:05:17]} 21. Rab1 {[%clk 01:00:52]} {[%emt 00:05:00]} b6 {[%clk
00:52:18]} {[%emt 00:09:55]} 22. Rb5 {[%clk 00:56:23]} {[%emt 00:04:38]} Rfc8
{[%clk 00:48:24]} {[%emt 00:04:04]} 23. Rfb1 {[%clk 00:55:00]} {[%emt
00:01:33]} Bd8 {[%clk 00:48:24]} {[%emt 00:00:10]} 24. Qd3 {[%clk 00:48:51]}
{[%emt 00:06:18]} h6 {[%clk 00:46:38]} {[%emt 00:01:56]} 25. Be1 {[%clk
00:46:13]} {[%emt 00:02:48]} Qb7 {[%clk 00:38:49]} {[%emt 00:07:59]} 26. Qe4
{[%clk 00:42:24]} {[%emt 00:03:58]} Qa6 {[%clk 00:35:36]} {[%emt 00:03:24]} 27.
a5 {[%clk 00:32:37]} {[%emt 00:09:56]} bxa5 {[%clk 00:33:19]} {[%emt 00:02:28]}
28. Qe2 {[%clk 00:31:28]} {[%emt 00:01:18]} a4 {[%clk 00:28:31]} {[%emt
00:04:59]} 29. Qa2 {[%clk 00:27:11]} {[%emt 00:04:25]} a3 {[%clk 00:27:32]}
{[%emt 00:01:11]} 30. Bd2 {[%clk 00:19:39]} {[%emt 00:07:40]} Be7 {[%clk
00:22:22]} {[%emt 00:05:21]} 31. Kf2 {[%clk 00:18:37]} {[%emt 00:01:11]} Rb6
{[%clk 00:20:33]} {[%emt 00:02:00]} 32. Rxb6 {[%clk 00:12:44]} {[%emt
00:06:02]} axb6 {[%clk 00:19:54]} {[%emt 00:00:50]} 33. Qb3 {[%clk 00:11:05]}
{[%emt 00:01:49]} Qd3 {[%clk 00:15:13]} {[%emt 00:04:51]} 34. Rd1 {[%clk
00:09:26]} {[%emt 00:01:48]} Qa6 {[%clk 00:14:31]} {[%emt 00:00:53]} 35. Ra1
{[%clk 00:08:52]} {[%emt 00:00:43]} e5 {[%clk 00:12:18]} {[%emt 00:02:25]} 36.
dxe5 {[%clk 00:03:48]} {[%emt 00:05:13]} Qd3 {[%clk 00:11:52]} {[%emt
00:00:35]} 37. Qd1 {[%clk 00:02:27]} {[%emt 00:01:31]} Rd8 {[%clk 00:11:07]}
{[%emt 00:00:56]} 38. Ke1 {[%clk 00:01:37]} {[%emt 00:01:00]} Bc5 {[%clk
00:10:03]} {[%emt 00:01:14]} 39. Qe2 {[%clk 00:00:28]} {[%emt 00:01:19]} Qc2
{[%clk 00:10:03]} {[%emt 00:00:07]} 40. Rc1 {[%clk 00:00:28]} {[%emt 00:00:09]}
Qb2 {[%clk 00:09:37]} {[%emt 00:00:36]} 41. Bf4 {[%clk 00:00:27]} {[%emt
00:00:12]} g5 {[%clk 00:09:20]} {[%emt 00:00:26]} 42. Qxb2 {[%clk 00:00:03]}
{[%emt 00:00:33]} axb2 {[%clk 00:09:20]} {[%emt 00:00:05]} 43. Rb1 {[%clk
00:00:03]} {[%emt 00:00:03]} gxf4 {[%clk 00:09:20]} {[%emt 00:00:05]} 44. Rxb2
{[%clk 00:00:03]} {[%emt 00:00:05]} Rd3 {[%clk 00:09:15]} {[%emt 00:00:14]} 45.
gxf4 {[%clk 00:00:03]} {[%emt 00:00:11]} Rxf3 {[%clk 00:09:15]} {[%emt
00:00:08]} 46. Rg2+ {[%clk 00:00:03]} {[%emt 00:00:07]} Kh7 {[%clk 00:09:15]}
{[%emt 00:00:08]} 47. Kd2 {[%clk 00:00:02]} {[%emt 00:00:11]} Rxf4 {[%clk
00:09:15]} {[%emt 00:00:07]} 48. Re2 {[%clk 00:00:02]} {[%emt 00:00:02]} Rf2
{[%emt 00:00:16]} 0-1

[Event "2023 National K-12 Grade Championships"]
[Site "Orlando, Florida, United States"]
[Date "2023.12.16"]
[Round "4.2"]
[White "Lu, Maximillian"]
[Black "Peterson, Ryan Harada"]
[Result "1-0"]
[TimeControl "G/90;d10"]
[WhiteElo "2436"]
[BlackElo "2158"]

1. c4 {[%clk 01:24:18]} {[%emt 00:05:51]} Nf6 {[%clk 01:29:43]} {[%emt
00:00:27]} 2. Nf3 {[%clk 01:23:45]} {[%emt 00:00:44]} c5 {[%clk 01:29:31]}
{[%emt 00:00:23]} 3. g3 {[%clk 01:23:20]} {[%emt 00:00:34]} g6 {[%clk
01:28:30]} {[%emt 00:01:12]} 4. Bg2 {[%clk 01:22:12]} {[%emt 00:01:19]} Bg7
{[%clk 01:28:29]} {[%emt 00:00:10]} 5. d4 {[%clk 01:21:48]} {[%emt 00:00:34]}
cxd4 {[%clk 01:26:52]} {[%emt 00:01:47]} 6. Nxd4 {[%clk 01:21:48]} {[%emt
00:00:07]} O-O {[%clk 01:25:22]} {[%emt 00:01:41]} 7. Nc3 {[%clk 01:21:33]}
{[%emt 00:00:23]} Qc7 {[%clk 01:21:29]} {[%emt 00:04:04]} 8. b3 {[%clk
01:11:32]} {[%emt 00:10:11]} Nc6 {[%clk 01:10:11]} {[%emt 00:11:28]} 9. Bb2
{[%clk 01:09:30]} {[%emt 00:02:11]} d6 {[%clk 01:09:38]} {[%emt 00:00:44]} 10.
O-O {[%clk 01:09:15]} {[%emt 00:00:25]} Bd7 {[%clk 01:06:27]} {[%emt 00:03:21]}
11. Rc1 {[%clk 01:03:25]} {[%emt 00:06:00]} Nxd4 {[%clk 00:59:12]} {[%emt
00:07:25]} 12. Qxd4 {[%clk 01:03:25]} {[%emt 00:00:04]} Rfc8 {[%clk 00:57:44]}
{[%emt 00:01:38]} 13. Rfd1 {[%clk 00:59:37]} {[%emt 00:03:57]} Bc6 {[%clk
00:55:27]} {[%emt 00:02:28]} 14. Bh3 {[%clk 00:52:48]} {[%emt 00:06:59]} Ne4
{[%clk 00:47:20]} {[%emt 00:08:16]} 15. Qxg7+ {[%clk 00:46:42]} {[%emt
00:06:17]} Kxg7 {[%clk 00:47:20]} {[%emt 00:00:05]} 16. Nd5+ {[%clk 00:46:42]}
{[%emt 00:00:06]} Kf8 {[%clk 00:44:03]} {[%emt 00:03:27]} 17. Nxc7 {[%clk
00:46:42]} {[%emt 00:00:03]} Rxc7 {[%clk 00:44:03]} {[%emt 00:00:13]} 18. f3
{[%clk 00:44:39]} {[%emt 00:02:13]} Ng5 {[%clk 00:39:13]} {[%emt 00:05:00]} 19.
Bg2 {[%clk 00:44:39]} {[%emt 00:00:01]} Rac8 {[%clk 00:37:32]} {[%emt
00:01:52]} 20. c5 {[%clk 00:34:02]} {[%emt 00:10:47]} dxc5 {[%clk 00:33:55]}
{[%emt 00:03:47]} 21. Rxc5 {[%clk 00:33:47]} {[%emt 00:00:26]} Ne6 {[%clk
00:33:43]} {[%emt 00:00:22]} 22. Rc2 {[%clk 00:33:31]} {[%emt 00:00:25]} Bb5
{[%clk 00:28:37]} {[%emt 00:05:16]} 23. Rcd2 {[%clk 00:32:30]} {[%emt
00:01:10]} Rc2 {[%clk 00:27:48]} {[%emt 00:01:00]} 24. Kf2 {[%clk 00:32:22]}
{[%emt 00:00:18]} Ke8 {[%clk 00:20:27]} {[%emt 00:07:31]} 25. Ke3 {[%clk
00:27:12]} {[%emt 00:05:20]} Rxd2 {[%clk 00:14:02]} {[%emt 00:06:34]} 26. Rxd2
{[%clk 00:27:12]} {[%emt 00:00:07]} Rd8 {[%clk 00:13:45]} {[%emt 00:00:27]} 27.
Rc2 {[%clk 00:26:28]} {[%emt 00:00:54]} Bc6 {[%clk 00:13:05]} {[%emt 00:00:50]}
28. h4 {[%clk 00:24:42]} {[%emt 00:01:56]} Nc7 {[%clk 00:10:49]} {[%emt
00:02:26]} 29. Kf2 {[%clk 00:23:56]} {[%emt 00:00:56]} Nd5 {[%clk 00:10:41]}
{[%emt 00:00:18]} 30. Ba3 {[%clk 00:22:06]} {[%emt 00:02:00]} h5 {[%clk
00:07:37]} {[%emt 00:03:13]} 31. e4 {[%clk 00:20:40]} {[%emt 00:01:36]} Nc7
{[%clk 00:07:36]} {[%emt 00:00:11]} 32. Bc5 {[%clk 00:20:04]} {[%emt 00:00:46]}
a6 {[%clk 00:06:47]} {[%emt 00:00:59]} 33. Bb6 {[%clk 00:18:41]} {[%emt
00:01:33]} Rd7 {[%clk 00:06:45]} {[%emt 00:00:13]} 34. Bh3 {[%clk 00:18:41]}
{[%emt 00:00:04]} e6 {[%clk 00:06:45]} {[%emt 00:00:06]} 35. a4 {[%clk
00:14:58]} {[%emt 00:03:53]} f5 {[%clk 00:05:07]} {[%emt 00:01:48]} 36. Ke3
{[%clk 00:14:49]} {[%emt 00:00:19]} Kf7 {[%clk 00:05:02]} {[%emt 00:00:15]} 37.
Bf1 {[%clk 00:09:31]} {[%emt 00:05:28]} Ne8 {[%clk 00:03:53]} {[%emt 00:01:19]}
38. Bxa6 {[%clk 00:04:29]} {[%emt 00:05:12]} fxe4 {[%clk 00:01:59]} {[%emt
00:02:03]} 39. Rxc6 {[%clk 00:01:03]} {[%emt 00:03:35]} bxc6 {[%clk 00:01:47]}
{[%emt 00:00:23]} 40. fxe4 {[%clk 00:01:03]} {[%emt 00:00:02]} Nd6 {[%clk
00:01:32]} {[%emt 00:00:24]} 41. Kf4 {[%clk 00:00:24]} {[%emt 00:00:50]} Ke7
{[%clk 00:01:05]} {[%emt 00:00:37]} 42. a5 {[%clk 00:00:24]} {[%emt 00:00:07]}
Nb7 {[%clk 00:00:52]} {[%emt 00:00:23]} 43. Ke5 {[%clk 00:00:21]} {[%emt
00:00:13]} Kf7 {[%clk 00:00:48]} {[%emt 00:00:14]} 44. Bc4 {[%clk 00:00:21]}
{[%emt 00:00:07]} Ke7 {[%clk 00:00:12]} {[%emt 00:00:46]} 45. a6 {[%clk
00:00:20]} {[%emt 00:00:10]} Nd6 {[%clk 00:00:08]} {[%emt 00:00:14]} 46. a7
{[%clk 00:00:08]} {[%emt 00:00:22]} Nf7+ {[%clk 00:00:06]} {[%emt 00:00:12]} 47.
Kf4 {[%clk 00:00:08]} e5+ {[%clk 00:00:03]} {[%emt 00:00:15]} 48. Ke3 {[%clk
00:00:08]} Rxa7 {[%clk 00:00:03]} {[%emt 00:00:02]} 49. Bxa7 {[%clk 00:00:08]}
{[%emt 00:00:01]} Nh6 {[%clk 00:00:03]} {[%emt 00:00:04]} 50. Bc5+ {[%clk
00:00:08]} {[%emt 00:00:01]} Kd7 {[%clk 00:00:03]} 51. Kf3 {[%clk 00:00:08]}
{[%emt 00:00:02]} Ng4 {[%clk 00:00:03]} {[%emt 00:00:03]} 52. Bf7 {[%clk
00:00:08]} {[%emt 00:00:02]} Nf6 {[%clk 00:00:03]} {[%emt 00:00:09]} 53. Bxg6
{[%clk 00:00:08]} {[%emt 00:00:02]} Ke6 {[%clk 00:00:03]} 54. Bf5+ {[%clk
00:00:08]} Kf7 {[%clk 00:00:03]} 55. Bd6 {[%emt 00:00:11]} 1-0

[Event "2023 National K-12 Grade Championships"]
[Site "Orlando, Florida, United States"]
[Date "2023.12.16"]
[Round "4.3"]
[White "Hua, Charles"]
[Black "Lyon, Juan Pablo"]
[Result "0-1"]
[TimeControl "G/90;d10"]
[WhiteElo "2197"]
[BlackElo "2068"]

1. e4 {[%emt 00:01:13]} e6 {[%clk 01:27:30]} {[%emt 00:01:31]} 2. d4 {[%clk
01:30:00]} {[%emt 00:00:06]} d5 {[%clk 01:27:30]} {[%emt 00:00:03]} 3. Nd2
{[%emt 00:00:44]} Nf6 {[%clk 01:26:40]} {[%emt 00:00:20]} 4. e5 {[%clk
01:30:00]} {[%emt 00:00:06]} Nfd7 {[%clk 01:26:40]} {[%emt 00:00:03]} 5. Bd3
{[%clk 01:30:00]} {[%emt 00:00:04]} c5 {[%clk 01:26:40]} {[%emt 00:00:05]} 6.
c3 {[%clk 01:30:00]} {[%emt 00:00:04]} Nc6 {[%clk 01:26:40]} {[%emt 00:00:03]}
7. Ngf3 {[%clk 01:30:00]} {[%emt 00:00:04]} Qb6 {[%clk 01:26:33]} {[%emt
00:00:17]} 8. O-O {[%clk 01:30:00]} {[%emt 00:00:05]} Be7 {[%clk 01:24:08]}
{[%emt 00:02:35]} 9. Qa4 {[%emt 00:03:26]} O-O {[%clk 01:20:12]} {[%emt
00:02:38]} 10. Re1 {[%emt 00:06:25]} f6 {[%clk 01:14:47]} {[%emt 00:00:26]} 11.
exf6 {[%emt 00:08:52]} Bxf6 {[%emt 00:07:40]} 12. Qc2 {[%clk 01:15:58]} {[%emt
00:04:36]} h6 {[%clk 01:04:04]} {[%emt 00:01:23]} 13. Rxe6 {[%clk 01:14:28]}
{[%emt 00:01:40]} cxd4 {[%clk 01:01:50]} {[%emt 00:02:25]} 14. cxd4 {[%clk
01:14:08]} {[%emt 00:00:30]} Bxd4 {[%clk 00:57:57]} {[%emt 00:04:04]} 15. Nb3
{[%emt 00:21:42]} Nde5 {[%emt 00:32:37]} 16. Nxe5 {[%clk 00:50:45]} {[%emt
00:02:06]} Bxe5 {[%clk 00:25:07]} {[%emt 00:00:28]} 17. Be3 {[%clk 00:27:13]}
{[%emt 00:23:42]} Qd8 {[%clk 00:20:47]} {[%emt 00:04:30]} 18. Rxc6 {[%clk
00:27:05]} {[%emt 00:00:18]} bxc6 {[%clk 00:20:47]} {[%emt 00:00:08]} 19. Qxc6
{[%clk 00:27:05]} {[%emt 00:00:04]} Rb8 {[%clk 00:18:19]} {[%emt 00:02:38]} 20.
Qg6 {[%clk 00:24:51]} {[%emt 00:02:24]} Qf6 {[%emt 00:03:21]} 21. Qh7+ {[%clk
00:20:54]} {[%emt 00:01:18]} Kf7 {[%clk 00:17:57]} {[%emt 00:00:08]} 22. Bc5
{[%clk 00:17:36]} {[%emt 00:03:28]} Re8 {[%clk 00:16:16]} {[%emt 00:01:52]} 23.
Bxa7 {[%clk 00:14:00]} {[%emt 00:03:46]} Rb4 {[%clk 00:14:10]} {[%emt
00:02:16]} 24. Bc5 {[%clk 00:11:17]} {[%emt 00:02:53]} Re4 {[%clk 00:13:54]}
{[%emt 00:00:24]} 25. Nd2 {[%emt 00:06:35]} Rh4 {[%clk 00:06:00]} {[%emt
00:07:08]} 26. Nf3 {[%clk 00:05:50]} {[%emt 00:00:10]} Rh5 {[%clk 00:05:18]}
{[%emt 00:00:52]} 27. h4 {[%clk 00:04:34]} {[%emt 00:01:26]} Bg4 {[%clk
00:04:34]} {[%emt 00:00:54]} 28. Nxe5+ {[%clk 00:03:28]} {[%emt 00:01:16]}
Rhxe5 {[%clk 00:04:32]} {[%emt 00:00:12]} 29. Be3 {[%clk 00:01:33]} {[%emt
00:02:06]} d4 {[%clk 00:03:56]} {[%emt 00:00:45]} 30. Bxd4 {[%clk 00:01:03]}
{[%emt 00:00:40]} Re1+ {[%clk 00:03:56]} {[%emt 00:00:05]} 31. Kh2 {[%clk
00:01:03]} {[%emt 00:00:02]} Qxh4# {[%clk 00:03:56]} {[%emt 00:00:07]} 0-1

[Event "2023 National K-12 Grade Championships"]
[Site "Orlando, Florida, United States"]
[Date "2023.12.16"]
[Round "4.4"]
[White "Gospodinov, Antony"]
[Black "Prem, Pranav S"]
[Result "1/2-1/2"]
[TimeControl "G/90;d10"]
[WhiteElo "2132"]
[BlackElo "2196"]

1. d4 {[%emt 00:02:18]} d5 {[%emt 00:01:07]} 2. Bf4 {[%clk 01:29:36]} {[%emt
00:00:10]} Nf6 {[%clk 01:26:54]} {[%emt 00:00:27]} 3. e3 {[%emt 00:02:17]} c5
{[%clk 01:24:43]} {[%emt 00:00:36]} 4. Nf3 {[%clk 01:28:50]} {[%emt 00:00:34]}
Nc6 {[%emt 00:04:04]} 5. Nc3 {[%emt 00:05:50]} a6 {[%emt 00:01:22]} 6. Be2
{[%clk 01:20:22]} {[%emt 00:02:18]} e6 {[%emt 00:07:41]} 7. O-O {[%emt
00:14:49]} Be7 {[%emt 00:04:06]} 8. Ne5 {[%clk 01:08:56]} {[%emt 00:00:56]} O-O
{[%emt 00:14:02]} 9. h3 {[%emt 00:15:54]} Nd7 {[%emt 00:07:11]} 10. Nxc6 {[%clk
00:49:43]} {[%emt 00:00:11]} bxc6 {[%emt 00:06:02]} 11. Bf3 {[%emt 00:09:01]}
cxd4 {[%clk 00:39:06]} {[%emt 00:00:42]} 12. exd4 {[%emt 00:02:34]} c5 {[%emt
00:02:48]} 13. Re1 {[%emt 00:06:53]} Bb7 {[%emt 00:06:30]} 14. Ne2 {[%emt
00:02:32]} cxd4 {[%emt 00:00:22]} 15. Nxd4 {[%clk 00:32:54]} {[%emt 00:00:34]}
Bf6 {[%emt 00:08:59]} 16. Bg4 {[%emt 00:15:28]} Nc5 {[%emt 00:09:31]} 17. Rb1
{[%clk 00:14:24]} {[%emt 00:01:08]} Ne4 {[%emt 00:10:22]} 18. Nf3 {[%clk
00:06:16]} {[%emt 00:00:37]} Qb6 {[%clk 00:09:18]} {[%emt 00:00:25]} 19. Be3
{[%clk 00:05:47]} {[%emt 00:00:39]} Qc7 {[%clk 00:09:18]} {[%emt 00:00:01]} 20.
Nd2 {[%emt 00:04:54]} Nc5 {[%emt 00:01:46]} 21. Nb3 {[%emt 00:01:06]} Ne4
{[%clk 00:02:49]} {[%emt 00:01:29]} 22. Bf3 {[%clk 00:03:32]} {[%emt 00:00:18]}
Ng5 {[%emt 00:01:13]} 23. Be2 {[%clk 00:03:01]} {[%emt 00:00:14]} e5 {[%clk
00:01:58]} {[%emt 00:00:24]} 24. c3 {[%emt 00:00:31]} Ne6 {[%clk 00:01:49]}
{[%emt 00:00:11]} 25. f3 {[%clk 00:02:18]} {[%emt 00:00:41]} Rad8 {[%clk
00:01:49]} {[%emt 00:00:08]} 26. Bf2 {[%emt 00:00:24]} Rfe8 {[%clk 00:01:46]}
{[%emt 00:00:04]} 27. Rc1 {[%clk 00:02:03]} {[%emt 00:00:21]} Bg5 {[%clk
00:01:32]} {[%emt 00:00:23]} 28. Rc2 {[%clk 00:02:03]} {[%emt 00:00:10]} e4
{[%clk 00:01:01]} {[%emt 00:00:41]} 29. Bf1 {[%clk 00:01:23]} {[%emt 00:00:49]}
Qe5 {[%emt 00:00:44]} 30. Bd4 {[%clk 00:00:50]} {[%emt 00:00:25]} Qg3 {[%clk
00:00:42]} {[%emt 00:00:14]} 31. Bf2 {[%clk 00:00:40]} {[%emt 00:00:20]} Qe5
{[%clk 00:00:35]} {[%emt 00:00:17]} 32. Bd4 {[%clk 00:00:40]} {[%emt 00:00:02]}
1/2-1/2

[Event "2023 National K-12 Grade Championships"]
[Site "Orlando, Florida, United States"]
[Date "2023.12.16"]
[Round "4.5"]
[White "Hernandez, Ronald"]
[Black "Chasin, Nico Werner"]
[Result "0-1"]
[TimeControl "G/90;d10"]
[WhiteElo "2203"]
[BlackElo "2514"]

1. e4 {[%clk 01:30:00]} {[%emt 00:00:07]} c5 {[%clk 01:27:03]} {[%emt
00:03:08]} 2. Nf3 {[%clk 01:29:57]} {[%emt 00:00:14]} Nc6 {[%clk 01:26:18]}
{[%emt 00:00:55]} 3. d4 {[%clk 01:29:49]} {[%emt 00:00:19]} cxd4 {[%clk
01:26:09]} {[%emt 00:00:19]} 4. Nxd4 {[%clk 01:29:44]} {[%emt 00:00:15]} e6
{[%clk 01:25:39]} {[%emt 00:00:39]} 5. Nc3 {[%clk 01:29:18]} {[%emt 00:00:36]}
Qc7 {[%clk 01:25:21]} {[%emt 00:00:27]} 6. Be3 {[%clk 01:29:11]} {[%emt
00:00:18]} a6 {[%clk 01:25:21]} {[%emt 00:00:08]} 7. Be2 {[%clk 01:28:54]}
{[%emt 00:00:27]} Nf6 {[%clk 01:23:02]} {[%emt 00:02:29]} 8. O-O {[%clk
01:28:31]} {[%emt 00:00:34]} Be7 {[%clk 01:20:23]} {[%emt 00:02:48]} 9. f4
{[%clk 01:27:12]} {[%emt 00:01:30]} d6 {[%clk 01:19:31]} {[%emt 00:01:01]} 10.
Qe1 {[%clk 01:24:11]} {[%emt 00:03:11]} Bd7 {[%clk 01:15:33]} {[%emt 00:04:07]}
11. Qg3 {[%clk 01:20:53]} {[%emt 00:03:29]} O-O {[%clk 01:12:42]} {[%emt
00:03:00]} 12. a3 {[%clk 01:16:39]} {[%emt 00:04:26]} b5 {[%clk 01:12:26]}
{[%emt 00:00:25]} 13. Bd3 {[%clk 01:13:03]} {[%emt 00:03:46]} Rad8 {[%clk
01:01:52]} {[%emt 00:10:44]} 14. Rae1 {[%clk 01:07:09]} {[%emt 00:06:05]} g6
{[%clk 00:57:56]} {[%emt 00:04:05]} 15. Kh1 {[%clk 01:04:46]} {[%emt 00:02:33]}
Nh5 {[%clk 00:56:03]} {[%emt 00:02:02]} 16. Qf2 {[%clk 00:57:10]} {[%emt
00:07:47]} Rb8 {[%clk 00:53:44]} {[%emt 00:02:28]} 17. Nxc6 {[%clk 00:37:09]}
{[%emt 00:20:12]} Bxc6 {[%clk 00:53:34]} {[%emt 00:00:19]} 18. e5 {[%clk
00:35:59]} {[%emt 00:01:22]} f5 {[%clk 00:52:02]} {[%emt 00:01:41]} 19. exf6
{[%clk 00:34:53]} {[%emt 00:01:17]} Rxf6 {[%clk 00:50:44]} {[%emt 00:01:27]} 20.
Qd2 {[%clk 00:30:48]} {[%emt 00:04:16]} Rbf8 {[%clk 00:47:41]} {[%emt
00:03:12]} 21. Ne4 {[%clk 00:25:33]} {[%emt 00:05:25]} R6f7 {[%clk 00:45:25]}
{[%emt 00:02:27]} 22. Ng3 {[%clk 00:21:15]} {[%emt 00:04:27]} Bh4 {[%clk
00:44:18]} {[%emt 00:01:16]} 23. Nxh5 {[%clk 00:18:29]} {[%emt 00:02:57]} Bxe1
{[%clk 00:42:51]} {[%emt 00:01:37]} 24. Qxe1 {[%clk 00:18:29]} {[%emt
00:00:06]} gxh5 {[%clk 00:42:49]} {[%emt 00:00:12]} 25. Bd4 {[%clk 00:14:40]}
{[%emt 00:03:59]} Rxf4 {[%clk 00:40:48]} {[%emt 00:02:09]} 26. Rxf4 {[%clk
00:14:39]} {[%emt 00:00:12]} Rxf4 {[%clk 00:40:43]} 27. Qxe6+ {[%clk 00:14:39]}
{[%emt 00:00:25]} Qf7 {[%clk 00:40:24]} {[%emt 00:00:28]} 28. Qxf7+ {[%clk
00:13:44]} {[%emt 00:01:06]} Kxf7 {[%clk 00:38:00]} {[%emt 00:02:34]} 29. c3
{[%clk 00:11:53]} {[%emt 00:02:01]} Rg4 {[%clk 00:37:37]} {[%emt 00:00:32]} 30.
Bf1 {[%clk 00:11:50]} {[%emt 00:00:14]} Bd5 {[%clk 00:37:37]} {[%emt 00:00:01]}
31. h3 {[%clk 00:10:40]} {[%emt 00:01:20]} Rg8 {[%clk 00:36:59]} {[%emt
00:00:48]} 32. b4 {[%clk 00:09:19]} {[%emt 00:01:32]} Bc4 {[%clk 00:35:01]}
{[%emt 00:02:08]} 33. Bxc4+ {[%clk 00:09:19]} {[%emt 00:00:07]} bxc4 {[%clk
00:35:01]} {[%emt 00:00:05]} 34. a4 {[%clk 00:09:05]} {[%emt 00:00:25]} Ke6
{[%clk 00:33:54]} {[%emt 00:01:16]} 35. Kg1 {[%clk 00:08:11]} {[%emt 00:01:04]}
Kd5 {[%clk 00:24:15]} {[%emt 00:09:49]} 36. Kf2 {[%clk 00:08:11]} {[%emt
00:00:07]} h4 {[%clk 00:24:15]} {[%emt 00:00:03]} 37. Kf3 {[%clk 00:07:23]}
{[%emt 00:00:59]} Rg3+ {[%clk 00:24:14]} {[%emt 00:00:11]} 38. Kf2 {[%clk
00:07:23]} {[%emt 00:00:05]} Rd3 {[%clk 00:22:43]} {[%emt 00:01:40]} 39. b5
{[%clk 00:06:16]} {[%emt 00:01:18]} axb5 {[%clk 00:20:49]} {[%emt 00:02:04]} 40.
axb5 {[%clk 00:06:16]} {[%emt 00:00:04]} Rd2+ {[%clk 00:20:49]} 41. Kf3 {[%clk
00:06:16]} {[%emt 00:00:09]} Rb2 {[%clk 00:20:49]} {[%emt 00:00:01]} 42. b6
{[%clk 00:06:16]} {[%emt 00:00:09]} Kc6 {[%clk 00:20:49]} {[%emt 00:00:01]} 43.
Kg4 {[%clk 00:05:48]} {[%emt 00:00:38]} Rxg2+ {[%clk 00:20:36]} {[%emt
00:00:23]} 44. Kxh4 {[%clk 00:05:48]} {[%emt 00:00:06]} Rd2 {[%clk 00:20:36]}
{[%emt 00:00:03]} 45. Bf6 {[%clk 00:04:20]} {[%emt 00:01:38]} Rd5 {[%clk
00:20:36]} {[%emt 00:00:01]} 0-1